000 00474cam a22001934a 4500
005 20250605164151.0
008 250528s ||||||||||||||||||||||||d
035 _a19386
020 _a9608518644
040 _aGR-AtMCL
_bgre
_dGR-AtMCL
_eAACR2
245 1 _aΟΙΚΟΝΟΜΕΤΡΙΑ Ι
250 _a2
260 _bΖυγός,
_c1998
300 _a465
700 1 _aΛαζαριδης Αλεξης
_95628
942 _cBK
999 _c4642
_d4642